Η μορφοδυναμική ισορροπία των προσχωσιγενών ακτών του οικισμού παραλία Κατερίνης : η διάβρωση των ακτών ως συνέπεια ανθρωπογενών παρεμβάσεων : πτυχιακή εργασία
Αποθηκεύτηκε σε:
| Κύριος συγγραφέας: | |
|---|---|
| Συγγραφή απο Οργανισμό/Αρχή: | |
| Άλλοι συγγραφείς: | , , , |
| Μορφή: | Thesis Βιβλίο |
| Γλώσσα: | Greek |
| Δημοσίευση: |
Μυτιλήνη :
Πανεπιστήμιο Αιγαίου, Τμήμα Περιβάλλοντος,
2002
|
| Θέματα: | |
| Διαθέσιμο Online: | http://hdl.handle.net/11610/10280 |
| Ετικέτες: |
Προσθήκη ετικέτας
Δεν υπάρχουν, Καταχωρήστε ετικέτα πρώτοι!
|
MARC
| LEADER | 00000cam a2200000 i 4500 | ||
|---|---|---|---|
| 001 | 1/80431 | ||
| 008 | 050711s2002 gre d | ||
| 035 | |l 10079022 | ||
| 040 | |a GR-MY-UA |b gre |e aacr | ||
| 041 | 0 | |a gre | |
| 082 | 0 | |a 551.36 |2 (22) | |
| 100 | 1 | |a Ζαχαριουδάκη, Άννα. | |
| 245 | 1 | 2 | |a Η μορφοδυναμική ισορροπία των προσχωσιγενών ακτών του οικισμού παραλία Κατερίνης : |b η διάβρωση των ακτών ως συνέπεια ανθρωπογενών παρεμβάσεων : πτυχιακή εργασία / |c Ζαχαριουδάκη Άννα, Τσιμενίδου Πολυξένη ; υπεύθυνοι καθηγητές Μ. Ο. Αγγελίδης, Αναγνώστου Χ. Λ., Χατζόπουλος Ι. Ν. |
| 260 | |a Μυτιλήνη : |b Πανεπιστήμιο Αιγαίου, Τμήμα Περιβάλλοντος, |c 2002 | ||
| 300 | |a 95 σ.; |b εγχρ. εικ., πιν., σχ.; |c 30 εκ. | ||
| 502 | |a Πτυχιακή εργασία – Πανεπιστήμιο Αιγαίου, Λέσβος, 2002. | ||
| 504 | |a Βιβλιογραφία: σ. 94-95 | ||
| 650 | 0 | 0 | |a Coast changes. |
| 650 | 0 | 0 | |a Shore protection. |
| 650 | 0 | 0 | |a Litteral drift. |
| 650 | 0 | 0 | |a Beach erosion. |
| 650 | 0 | 0 | |a Sedimentation and deposition |z Greece |z Katerini. |
| 650 | 0 | 0 | |a Dissertations, Academic |z Greece. |
| 700 | 1 | |a Τσιμενίδου, Πολυξένη. | |
| 700 | 1 | |a Αγγελίδης, Μιχάλης. |4 ths | |
| 700 | 1 | |a Αναγνώστου, Χ. Λ. |4 ths | |
| 700 | 1 | |a Χατζόπουλος, Ιωάννης Ν. |4 ths | |
| 710 | 2 | |a Πανεπιστήμιο Αιγαίου. |b Σχολή Περιβάλλοντος. |b Τμήμα Περιβάλλοντος. | |
| 852 | |a INST |b LESVOS |c DIATR |e 20050711 |h 725 |p 005100031572 |q 005100031572 |t DIE |y 23 | ||
| 852 | |a INST |b LESVOS |c DIATR |e 20050728 |h 726 |p 005100031571 |q 005100031571 |t DIE |y 23 | ||
| 856 | |u http://hdl.handle.net/11610/10280 | ||
| 901 | |a BIBL1-2005-2 | ||
| 909 | |a Λ |b 102257 | ||
| 909 | |a Λ |b 102258 | ||
| 924 | |a ΖΑΧΑΡΙΟΥΔΑΚΗ |b ΑΝΝΑ |y ΛΕΣΒΟΣ |z 2002-06 | ||
| 924 | |a ΤΣΙΜΕΝΙΔΟΥ |b ΠΟΛΥΞΕΝΗ |y ΛΕΣΒΟΣ |z 2002-06 | ||
| 970 | |a ΜΑΡΙΝΑΤΟΥ |b ΜΥΡΣΙΝΗ |z 2005/07/11 | ||